| 000 | 00426cam a2200169ua 4500 | ||
|---|---|---|---|
| 003 | OSt | ||
| 008 | 250602b |||||||| |||| 00| 0 eng d | ||
| 041 | _aeng | ||
| 082 |
_a624.171 _bSHA/ME |
||
| 100 |
_aShah, H.J . _9535 |
||
| 245 | _aMechanis of structures Vol.1 / | ||
| 250 | _a26 / | ||
| 260 |
_aAnad : _bcharactor publishing company , _c2005. |
||
| 300 | _a976 ; . | ||
| 700 | 1 |
_aJunarkar, S.B . _97526 |
|
| 942 | _cBK | ||
| 999 |
_c13115 _d13115 |
||